| 000 | 01160nam a22003377a 4500 | ||
|---|---|---|---|
| 003 | CHAP | ||
| 005 | 20220329141619.0 | ||
| 008 | 971013s1978 r 00010 d | ||
| 010 | _a71023 | ||
| 011 | _a71995 | ||
| 035 | _a81549 | ||
| 040 | _cCHAP | ||
| 082 |
_a632 _bA37 1978 |
||
| 100 | 0 | 0 |
_aAgrios, George N. _92140 |
| 245 | _aPlant pathology | ||
| 250 | _a2 ed. | ||
| 260 |
_aNew York : _bAcademic Press, _c1978 |
||
| 300 |
_a703 p. _b: ilus. |
||
| 590 |
_aBATCH-UPD _b10 _c20130110 _lUCH01 _h2009 |
||
| 590 |
_aBATCH-UPD _b10 _c20130410 _lUCH01 _h1328 |
||
| 590 |
_aBATCH-UPD _b10 _c20130914 _lUCH01 _h1414 |
||
| 590 |
_aCONVERSION _b10 _c20130109 _lUCH01 _h1339 |
||
| 650 | 1 | 4 |
_aFitopatología. _941161 |
| 901 | _aBK | ||
| 942 | _cLIBRO | ||
| 949 |
_a632 A37 1978 _bBC _cLIBRO _d33724000173233 _eLIBRO _fc.2 _h52151 _i81549 _si |
||
| 949 |
_a632 A37 1978 _bBC _cLIBRO _d33724000173241 _eLIBRO _fc.3 _h52152 _i81549 _si |
||
| 949 |
_a632 A37 1978 _bBC _cLIBRO _d33724000173258 _eLIBRO _fc.5 _h52154 _i81549 _si |
||
| 949 |
_a632 A37 1978 _bBC _cLIBRO _d33724000572921 _eLIBRO _h31741 _i81549 _si |
||
| 949 |
_a632 A37 1978 _bBC _cLIBRO _d33724000942546 _eLIBRO _fc.4 _h52153 _i81549 _si |
||
| 999 |
_c71023 _d71023 |
||